Educar en escenarios naturales / (Registro nro. 32686)
[ vista simple ]
| 000 -CABECERA | |
|---|---|
| campo fijo de control de longitud | 00996nab a2200229 4500 |
| 003 - IDENTIFICADOR DEL NÚMERO DE CONTROL | |
| campo de control | AR-RoBPED |
| 005 - FECHA Y HORADE LA ULTIMA TRANSACCION | |
| campo de control | 20260504112140.0 |
| 008 - ELEMENTOS DE LONGITUD FIJA--INFORMACION GENERAL | |
| campo fijo de control de longitud | 260504b |||||||| |||| 00| 0 spa d |
| 040 ## - FUENTE CATALOGADORA | |
| Centro catalogador/agencia de origen | AR-RoBPED |
| 041 ## - IDIOMA | |
| Código de idioma para texto/pista de sonido o título independiente | spa |
| 100 1# - ENCABEZAMIENTO PRINCIPAL--AUTOR PERSONAL | |
| Nombre de persona | Albrecht, Federico |
| 9 (RLIN) | 26233 |
| Función | Profesor de Biología |
| 245 1# - TITULO | |
| Título | Educar en escenarios naturales / |
| 260 ## - PUBLICACION | |
| Lugar | Buenos Aires : |
| Editor | Noveduc, |
| Fecha | 2023 |
| 300 ## - DESCRIPCION FISICA | |
| Extensión | 62-63 p. |
| 500 ## - NOTA GENERAL | |
| Nota general | Las salidas de campo a la naturaleza son una herramienta necesaria para la enseñanza de las Ciencias Naturales dado que la escena didáctica transcurre en un aula a cielo abierto donde poner en juego competencias y habilidades del campo científico. |
| 650 #7 - TERMINO DE MATERIA--CONTROLADO | |
| Término controlado | ENSEÑANZA DE LAS CIENCIAS NATURALES |
| 9 (RLIN) | 568 |
| Término controlado | DIDACTICA |
| 9 (RLIN) | 167 |
| Término controlado | APRENDIZAJE |
| 9 (RLIN) | 560 |
| 773 0# - DOCUMENTO FUENTE | |
| Host Biblionumber | 20414 |
| Host Itemnumber | 40098 |
| Place, publisher, and date of publication | Buenos Aires : Noveduc, 1993- |
| Título | Novedades Educativas |
| Record control number | (AR-RoBPED)20414 |
| International Standard Serial Number | 03283534 |
| 942 ## - ELEMENTOS KOHA | |
| Fuente de clasificación | Universal Decimal Classification |
| Koha tipo de ítem | Revistas |
| Clasificación | 37(05) |
| Signatura librística | Nov 86 N° 393 (Dic.2023) |
| Número Koha | k.32686 |
| 945 ## - PROCESAMIENTO DE LA INFORMACIÓN LOCAL | |
| Catalogador y fecha | mar 05/2026 |
No hay ítems disponibles.